000 00362nam a2200145 a 4500
003 MO
005 20170315142931.0
008 110815s19uu xx 00 eng d
050 _aTR
_bW29 1992
100 _aWatterson, Bill
245 _aThe indispensible calvin and hobbes.
260 _aNew York :
_bScholastics,
_c1992.
942 _2ddc
_cBK
999 _c114821
_d114821